Normal view
MARC view
Entry Nombre personal
001 - NÚMERO DE CONTROL
- campo de control: 82290
003 - IDENTIFICADOR DEL NÚMERO DE CONTROL
- campo de control: DO-SdBNP
005 - FECHA Y HORA DE LA ÚLTIMA TRANSACCIÓN
- campo de control: 20220830150614.0
008 - DATOS DE LONGITUD FIJA
- campo de control de longitud fija: 220830|| aca||aabn | a|a d
040 ## - FUENTE DE LA CATALOGACIÓN
- Centro catalogador/agencia de origen: DO-SdBNP
- Centro/agencia transcriptor: DO-SdBNP
100 ## - ENCABEZAMIENTO-NOMBRE DE PERSONA
- Nombre de persona: Museo Nacional de Historia Natural (República Dominicana)
- Título de la obra: Carta de Compromiso al Ciudadano
- Subdivisión cronológica: 2020 - 2022
670 ## - FUENTE DE DATOS ENCONTRADOS
- Cita de la fuente: Work cat.: (DO-SdBNP)52342: 22040 República Dominicana Museo Nacional de Historia Natural Prof, Eugenio de Jesús Marcano, Carta compromiso al ciudadano, 2022
